[Event "Benidorm op-B"]
[Site "Benidorm"]
[Date "2022.12.06"]
[Round "4"]
[White "Ionita, Emilian Paul"]
[Black "Garcia Bueno, Juan Pablo"]
[Result "0-1"]
[WhiteElo "1919"]
[BlackElo "1788"]
[PlyCount "74"]
[EventDate "2022.12.03"]
[EventType "swiss"]
[EventRounds "9"]
[EventCountry "ESP"]
[SourceTitle "CBM 212 Extra"]
[Source "ChessBase"]
[SourceDate "2023.03.31"]
[SourceVersion "1"]
[SourceVersionDate "2023.03.31"]
[SourceQuality "1"]

1. e4 c5 2. Nf3 Nc6 3. d4 cxd4 4. Nxd4 Nf6 5. Nc3 e5 6. Ndb5 d6 7. Bg5 a6 8. Bxf6 gxf6 9. Na3 b5 10. Nd5 Bg7 11. Bd3 Ne7 12. Nxe7 Qxe7 13. Qf3 f5 14. 0-0-0 d5 15. Qg3 Bh6+ 16. Kb1 fxe4 17. Be2 Bb7 18. c3 Qg5 19. Nc2 Rd8 20. Nb4 0-0 21. Qxg5+ Bxg5 22. h4 Bh6 23. g4 d4 24. Rhe1 d3 25. Bf1 a5 26. Nxd3 exd3 27. Bxd3 Bf3 28. Be2 Bxe2 29. Rxd8 Rxd8 30. Rxe2 Bf4 31. Kc2 f6 32. b3 Kf7 33. f3 Bg3 34. a4 bxa4 35. bxa4 Kg6 36. h5+ Kg5 37. Rg2 Kf4 0-1

[Event "Aragon-chT Preferente"]
[Site "Spain"]
[Date "2010.03.20"]
[Round "9.63"]
[White "Garcia Bueno, Juan Pablo"]
[Black "Argueso Pascual, Jorge"]
[Result "0-1"]
[WhiteElo "1855"]
[BlackElo "1997"]
[PlyCount "72"]
[EventDate "2010.01.23"]
[EventType "team-swiss"]
[EventRounds "12"]
[EventCountry "ESP"]
[SourceTitle "EXT 2013"]
[Source "ChessBase"]
[SourceDate "2012.11.22"]
[SourceVersion "1"]
[SourceVersionDate "2012.11.22"]
[SourceQuality "1"]
[WhiteTeam "Delicias II"]
[BlackTeam "El Soto"]
[WhiteTeamCountry "ESP"]
[BlackTeamCountry "ESP"]

1. e4 c6 2. d4 d5 3. exd5 cxd5 4. c4 Nf6 5. Nc3 Nc6 6. Nf3 Bg4 7. Be2 e6 8. c5 Be7 9. 0-0 0-0 10. a3 Ne4 11. h3 Nxc3 12. bxc3 Bxf3 13. Bxf3 b6 14. cxb6 Qxb6 15. Bf4 Na5 16. Rb1 Qc6 17. Qc1 Nc4 18. Rb3 a5 19. a4 Qxa4 20. Rb7 Bd6 21. Bh6 gxh6 22. Qxh6 Qc2 23. Bh5 Qf5 24. f4 Rfb8 25. g4 Bf8 26. Qxf8+ Kxf8 27. Rxb8+ Rxb8 28. gxf5 Rb3 29. fxe6 fxe6 30. Rc1 a4 31. Bd1 Ra3 32. Kf2 Ra2+ 33. Kf3 a3 34. Bc2 Rb2 35. Bxh7 a2 36. Bd3 Nd2+ 0-1

[Event "Aragon-chT Preferente"]
[Site "Spain"]
[Date "2010.02.13"]
[Round "4.63"]
[White "Garcia Bueno, Juan Pablo"]
[Black "Minguez Guinda, Andres"]
[Result "0-1"]
[WhiteElo "1855"]
[BlackElo "1896"]
[PlyCount "94"]
[EventDate "2010.01.23"]
[EventType "team-swiss"]
[EventRounds "12"]
[EventCountry "ESP"]
[SourceTitle "EXT 2013"]
[Source "ChessBase"]
[SourceDate "2012.11.22"]
[SourceVersion "1"]
[SourceVersionDate "2012.11.22"]
[SourceQuality "1"]
[WhiteTeam "Delicias II"]
[BlackTeam "Caissa Hermanos Cortes II"]
[WhiteTeamCountry "ESP"]
[BlackTeamCountry "ESP"]

1. e4 c5 2. Nc3 Nc6 3. g3 g6 4. Bg2 Bg7 5. f4 d6 6. d3 e6 7. Nf3 Nge7 8. 0-0 0-0 9. Be3 Nd4 10. e5 Nec6 11. exd6 Qxd6 12. Ne4 Qe7 13. c3 f5 14. Ned2 Nxf3+ 15. Bxf3 Bd7 16. Nb3 b6 17. Re1 Rad8 18. Qe2 Qf7 19. Rad1 Rfe8 20. Qg2 Rc8 21. d4 cxd4 22. Nxd4 Bxd4 23. Bxd4 Nxd4 24. Rxd4 Kf8 25. Red1 Re7 26. Qd2 Be8 27. Rd6 Rcc7 28. Kf2 h5 29. Qd4 Qg7 30. Qxg7+ Kxg7 31. Re1 Kf6 32. Bd5 Bf7 33. Bb3 Rcd7 34. Red1 Rxd6 35. Rxd6 Be8 36. Ke3 b5 37. Kd4 Rd7 38. Rxd7 Bxd7 39. Bd1 Be8 40. Bf3 Bd7 41. Kc5 e5 42. fxe5+ Kxe5 43. Bc6 Bxc6 44. Kxc6 g5 45. Kxb5 f4 46. Kc4 Ke4 47. gxf4 gxf4 0-1

[Event "Aragon-chT Preferente"]
[Site "Spain"]
[Date "2010.01.30"]
[Round "2.51"]
[White "Garcia Bueno, Juan Pablo"]
[Black "Trenado Munoz, Pedro"]
[Result "1-0"]
[WhiteElo "1855"]
[BlackElo "2081"]
[PlyCount "65"]
[EventDate "2010.01.23"]
[EventType "team-swiss"]
[EventRounds "12"]
[EventCountry "ESP"]
[SourceTitle "EXT 2013"]
[Source "ChessBase"]
[SourceDate "2012.11.22"]
[SourceVersion "1"]
[SourceVersionDate "2012.11.22"]
[SourceQuality "1"]
[WhiteTeam "Delicias II"]
[BlackTeam "Ramiro"]
[WhiteTeamCountry "ESP"]
[BlackTeamCountry "ESP"]

1. e4 c5 2. Nc3 Nc6 3. g3 d6 4. Bg2 Nf6 5. h3 e5 6. d3 Be7 7. Nge2 Be6 8. f4 g6 9. 0-0 h5 10. f5 gxf5 11. exf5 Bd7 12. Nd5 Nxd5 13. Bxd5 Bf6 14. Nc3 Qe7 15. Ne4 0-0-0 16. c3 Rdg8 17. Be3 Nd8 18. b4 Bc6 19. Bxc6 Nxc6 20. bxc5 d5 21. Nd6+ Kb8 22. Rb1 Rxg3+ 23. Kf2 Rhg8 24. Rxb7+ Qxb7 25. Nxb7 Bh4 26. Ke2 Kxb7 27. Qb3+ Kc7 28. Qxd5 Rg2+ 29. Bf2 Be7 30. f6 Bf8 31. Qxf7+ Kc8 32. Qe8+ Kc7 33. f7 1-0

[Event "Aragon-chT Preferente"]
[Site "Spain"]
[Date "2010.01.23"]
[Round "1.47"]
[White "Roche Simon, Manuel Angel"]
[Black "Garcia Bueno, Juan Pablo"]
[Result "1-0"]
[WhiteElo "2052"]
[BlackElo "1855"]
[PlyCount "33"]
[EventDate "2010.01.23"]
[EventType "team-swiss"]
[EventRounds "12"]
[EventCountry "ESP"]
[SourceTitle "EXT 2013"]
[Source "ChessBase"]
[SourceDate "2012.11.22"]
[SourceVersion "1"]
[SourceVersionDate "2012.11.22"]
[SourceQuality "1"]
[WhiteTeam "Delicias"]
[BlackTeam "Delicias II"]
[WhiteTeamCountry "ESP"]
[BlackTeamCountry "ESP"]

1. e4 d6 2. d4 Nf6 3. Nc3 g6 4. Be3 Bg7 5. Qd2 0-0 6. f3 c6 7. h4 Nh5 8. Nge2 f5 9. exf5 gxf5 10. Bh6 e5 11. 0-0-0 exd4 12. Bxg7 dxc3 13. Bxc3 d5 14. Qh6 Qe8 15. Nf4 Qe3+ 16. Bd2 Rf6 17. Qxh5 1-0